| 000 | 00666nam a22002057a 4500 | ||
|---|---|---|---|
| 003 | 0 | ||
| 005 | 20250331092407.0 | ||
| 008 | 250329b xxu||||| |||| 00| 0 eng d | ||
| 020 | _a978-1-394-22836-2 | ||
| 050 |
_aHG 4001 _b.Ai44 2024 |
||
| 100 | _aAlexander, Jack | ||
| 245 |
_a Financial management _bpartner in driving performance and value _c Jack Alexander |
||
| 260 |
_aHoboken, New Jersey _bJohn Wiley & Sons, Inc _c2024 |
||
| 300 |
_axvii, 701 pages; _c26cm. |
||
| 504 | _aIncludes index and glossary. | ||
| 650 | _aCorporations—Finance. | ||
| 650 | _aPerformance—Management. | ||
| 650 | _aFinancial management-Strategic planning. | ||
| 942 |
_2lcc _cBK |
||
| 999 |
_c367350 _d367350 |
||